Catálogo
 En Linea

Teatro critico. (Registro nro. 43152)

Detalles MARC
000 -CABECERA
campo de control de longitud fija 00306nam a2200121 a 4500
001 - NÚMERO DE CONTROL
campo de control 000043663
005 - FECHA Y HORA DE LA ÚLTIMA TRANSACCIÓN
campo de control 20201002044915.0
008 - DATOS DE LONGITUD FIJA--INFORMACIÓN GENERAL
campo de control de longitud fija 140402s1971 000 spa d
040 ## - FUENTE DE LA CATALOGACIÓN
Centro catalogador/agencia de origen DO-SdBNP
100 ## - ENTRADA PRINCIPAL--NOMBRE DE PERSONA
Nombre de persona Feijoo, Benito J.
9 (RLIN) 71494
245 #0 - MENCIÓN DE TÍTULO
Título Teatro critico.
260 ## - PUBLICACIÓN, DISTRIBUCIÓN, ETC.
Lugar de publicación, distribución, etc. Madrid -- Libra,
Fecha de publicación, distribución, etc. 1971 -- 188 p.
Existencias
Estado de retiro Estado de pérdida Restricciones de uso No para préstamo Código de colección Localización permanente Ubicación/localización actual Ubicación en estantería Fecha de adquisición Número de inventario Total de préstamos Signatura topográfica completa Código de barras Fecha visto por última vez Precio válido a partir de Tipo de ítem Koha
        Monografías: Libros y Folletos General General Orden iniciada 02.04.2014 LF1   43663-10 25.06.2020 25.06.2020 No se presta

Con tecnología Koha